000 00831cam a2200217 4500
008 000000n2001 000 0 eng u
035 _a(Sirsi) u112155
100 _aFenn, K.
245 _aProperty
260 _c2001
490 _aCorporate Briefing
_v15(2) February 2001, 18-19(2)
520 _aReports on three topics; Countryside and Rights of Way Act 2000 which designates certain areas to be 'open country' and common land; an introduction to the concept of commonhold - a new type of land ownership and two recent cases on rectification.
590 _aABS
650 _aCOUNTRYSIDE AND RIGHTS OF WAY ACT 2000
650 _aRECTIFICATION
650 _aUYCF LTD V FORRESTER
650 _aCITY OF LONDON REAL PROPERTY CO V CGU INTERNATIONAL INSURANCE
650 _aCOMMONHOLD
690 _aPROPERTY
942 _n0
999 _c66794
_d66794